The Beatles - Let It Be Album Trivia - Statistics

General Stats
  • This quiz has been taken 54 times
    37 since last reset
  • The average score is 14 of 20
Answer Stats
Hint Answer % Correct
What year was Let It Be released? 1970
97%
And which Beatle wrote both of the above songs? George
90%
Complete the name of the song: "I Me ____" Mine
90%
Which Beatle does not sing/write a song to appear on this album? Ringo
90%
Complete the lyric: When I find myself in times of trouble, Mother Mary comes to me,________ _____ __ ______, Let It Be" Speaking words of wisdom
90%
Complete the name of the song: "For You ____" Blue
83%
Complete the lyric: "Words are flowing out like endless rain into a _____ ___" Paper Cup
83%
Who/what caused The Beatles to stop performing at the above event? Police
83%
What song opens the album? Two Of Us
80%
Which 1969 single is notably absent from the final album despite being played at the above? Don't Let Me Down
77%
Where did The Beatles perform most of the songs that would end up on album? Rooftop Concert
77%
What was the working title for the album before it was released? Get Back
70%
Which "infamous" producer was chosen to produce Let It Be? Phil Spector
67%
At the end of Get Back, what does John hope the band have done? (it is said in the spoken interlude at the end of the song) "Passed the audition"
60%
What song begins with a false start because of Ringo? Dig A Pony
53%
What song did the above answer arguably do the most damage to? The Long and Winding Road
53%
Complete the lyric:"I said move over once, move over twice, come on baby don't be ____ __ ___" Cold as ice
50%
What year did the Let It Be album get new and updated remixes by Giles Martin? 2021
47%
What album/project did Paul McCartney spearhead in the early 2000s to rectify the album's production problems? Let It Be Naked
47%
Who was given the tapes in early 1969 in an attempt to compile an album out of them? (he had very intresting fashion choices in the Get Back documentary) Glyn Johns
23%
No matching quizzes found
Score Distribution
Percent of People with Each Score
Percentile by Number Answered
Your Score History
You have not taken this quiz since the last reset